| 000 | 00383nam a2200133Ia 4500 | ||
|---|---|---|---|
| 008 | 210716s1992 xx 000 0 und d | ||
| 041 | _aeng | ||
| 082 | _a004 MAIA | ||
| 100 | _aMaini, A.K;Bhatnagar, P. | ||
| 245 |
_aComputer science: made simplefor class xi and xii. _bMade simplefor class xi and xii. |
||
| 250 | _a1 | ||
| 260 |
_aNew Delhi _bPustak mahal _c1992 |
||
| 300 | _a20.11 | ||
| 999 |
_c182245 _d182245 |
||